Wszyscy gospodarze Mistrzostw Europy w piłce nożnej - Statystyki

Ogólne statystyki
  • Ten quiz został rozwiązany 376 razy
    193 od ostatniego zresetowania
  • Średni wynik to 21 z 24
Statystyki odpowiedzi
Ilość Państwo Rok % Poprawnych
3 Niemcy 1988, 2020, 2024
100%
1 Polska 2012
99%
1 Ukraina 2012
98%
3 Francja 1960, 1984, 2016
97%
2 Hiszpania 1964, 2020
97%
3 Anglia 1996, 2020, 2028
96%
1 Portugalia 2004
96%
4 Włochy 1968, 1980, 2020, 2032
96%
1 Szwajcaria 2008
93%
1 Austria 2008
92%
1 Szwecja 1992
91%
2 Holandia 2000, 2020
90%
1 Rosja 2020
90%
2 Belgia 1972, 2000
88%
1 Irlandia 2028
88%
1 Dania 2020
85%
2 Szkocja 2020, 2028
82%
1 Węgry 2020
81%
1 Rumunia 2020
80%
1 Turcja 2032
77%
1 Walia 2028
74%
1 Irlandia Północna 2028
68%
1 Jugosławia 1976
57%
1 Azerbejdżan 2020
51%
Nie znaleziono quizów pasujących do podanych kryteriów
Rozkład punktacji
Procent ludzi z każdym wynikiem
Percentyl według liczby udzielonych odpowiedzi
Twoja historia wyników
Nie rozwiązałeś tego quizu od ostatniego zresetowania